Rácz Béla díja az egyetem fejlesztéséért Az új könyvtár mint stratégia

Elmentve itt :
Bibliográfiai részletek
Dokumentumtípus: Cikk
Megjelent: 2004-11-18
Sorozat:Délmagyarország
Kulcsszavak:Rácz Béla, Pro Universitate-díj, Rácz Béla
Online Access:http://univ.bibl.u-szeged.hu/28486
LEADER 00514nab a2200157 i 4500
001 univ28486
005 20171214104511.0
008 171214s2004 hu o 0|| zxx d
040 |a SZTE UnivHistória Repozitórium  |b hun 
041 |a zxx 
245 0 0 |a Rácz Béla díja az egyetem fejlesztéséért   |h [elektronikus dokumentum] :  |b Az új könyvtár mint stratégia 
260 |c 2004-11-18 
300 |a 13 
490 0 |a Délmagyarország 
561 |a Egyetemi hirarchívum 
695 |a Rácz Béla, Pro Universitate-díj, Rácz Béla